Name The Animal - Statistics

General Stats
  • This quiz has been taken 15 times
  • The average score is 13 of 20
Answer Stats
Picture Answer % Correct
Bald Eagle
100%
Bumble Bee
100%
Pileated Woodpecker
100%
Raccoon
100%
Red Fox
100%
White-Tailed Deer
100%
American Toad
93%
Canadian Goose
93%
Coyote
93%
Northern Cardinal
93%
Snapping Turtle
80%
Walking Stick
67%
Bullfrog
60%
Five-Lined Skink
60%
Gray Tree Frog
47%
Black Rat Snake
20%
Blue Racer
13%
Leopard Frog
13%
DeKay's Brown Snake
7%
Eastern Hognose
7%
No matching quizzes found
Score Distribution
Percent of People with Each Score
Percentile by Number Answered
Your Score History
You have not taken this quiz